|
|
|
|
| LEADER |
00000naa2a2200000 4500 |
| 001 |
610065 |
| 005 |
20260331142051.0 |
| 035 |
|
|
|a (RuTPU)RU\TPU\conf\7646
|
| 035 |
|
|
|a RU\TPU\conf\7645
|
| 090 |
|
|
|a 610065
|
| 100 |
|
|
|a 20141224d2012 k y0rusy50 ca
|
| 101 |
0 |
|
|a rus
|
| 102 |
|
|
|a RU
|
| 135 |
|
|
|a drcn ---uucaa
|
| 181 |
|
0 |
|a i
|
| 182 |
|
0 |
|a b
|
| 200 |
1 |
|
|a Применение безмаркерной технологии MotionCapture дляуправления поведением робота
|f Е. Е. Шеломенцев
|g науч. рук. Т. В. Александрова
|
| 203 |
|
|
|a Текст
|c электронный
|
| 225 |
1 |
|
|a Автоматизация и управление в технических системах
|
| 300 |
|
|
|a Заглавие с титульного экрана
|
| 320 |
|
|
|a [Библиогр.: с. 260 (5 назв.)]
|
| 337 |
|
|
|a Adobe Reader
|
| 463 |
|
0 |
|0 (RuTPU)RU\TPU\conf\6944
|t Молодежь и современные информационные технологии
|o сборник трудов X Международной научно-практической конференции студентов, аспирантов и молодых ученых, г. Томск, 13-16 ноября 2012 г.
|f Национальный исследовательский Томский политехнический университет (ТПУ) ; под ред. Е. А. Сикоры и др.
|v [С. 259-260]
|d 2012
|
| 610 |
1 |
|
|a труды учёных ТПУ
|
| 610 |
1 |
|
|a электронный ресурс
|
| 610 |
1 |
|
|a безмаркерные технологии
|
| 610 |
1 |
|
|a MotionCapture
|
| 610 |
1 |
|
|a роботы
|
| 610 |
1 |
|
|a управление
|
| 610 |
1 |
|
|a поведение
|
| 700 |
|
1 |
|a Шеломенцев
|b Е. Е.
|c специалист в области информатики и вычислительной техники
|c ассистент кафедры Томского политехнического университета
|f 1993-
|g Егор Евгеньевич
|3 (RuTPU)RU\TPU\pers\31572
|
| 702 |
|
1 |
|a Александрова
|b Т. В.
|c специалист в области автоматического управления
|c ассистент Томского политехнического университета
|f 1976-
|g Татьяна Викторовна
|4 727
|
| 712 |
0 |
2 |
|a Национальный исследовательский Томский политехнический университет (ТПУ)
|b Институт кибернетики (ИК)
|b Кафедра интегрированных компьютерных систем управления (ИКСУ)
|3 (RuTPU)RU\TPU\col\18701
|
| 801 |
|
2 |
|a RU
|b 63413507
|c 20141224
|g RCR
|
| 856 |
4 |
|
|u http://www.lib.tpu.ru/fulltext/c/2012/C04/104.pdf
|
| 942 |
|
|
|c BK
|